[Event "ITA Sociale-ch"]
[Site "Italy"]
[Date "1997.??.??"]
[Round "?"]
[White "Majer, Andrea"]
[Black "Roberti, Ignazio"]
[Result "0-1"]
[WhiteElo "1605"]
[BlackElo "1720"]
[PlyCount "104"]
[EventDate "1997.??.??"]
[EventType "swiss"]
[EventRounds "9"]
[EventCountry "ITA"]
[SourceTitle "EXT 2005"]
[Source "ChessBase"]
[SourceDate "2004.11.15"]
[SourceVersion "1"]
[SourceVersionDate "2004.11.15"]
[SourceQuality "1"]

1. Nf3 Nf6 2. d4 d5 3. c4 e6 4. Bg5 Nbd7 5. e3 Be7 6. Nc3 0-0 7. Qc2 h6 8. h4 b6 9. cxd5 exd5 10. Nb5 c5 11. Bf4 Bb7 12. g4 Ne4 13. Qb3 c4 14. Qc2 g5 15. hxg5 hxg5 16. Bc7 Bb4+ 17. Ke2 Qf6 18. Bg2 Qg6 19. Rac1 Rac8 20. Ne5 Nxe5 21. Bxe5 f6 22. Bxe4 Qxe4 23. Qxe4 dxe4 24. Bd6 Bxd6 25. Nxd6 Rc7 26. Nxb7 Rxb7 27. Rxc4 Rd7 28. Rh5 Kg7 29. Rc1 Rh8 30. Rch1 Rxh5 31. Rxh5 Rc7 32. Kd2 Kg6 33. Rh8 Kg7 34. Rh1 Kg6 35. Rh3 Rc6 36. Rh8 Rc7 37. Re8 f5 38. gxf5+ Kxf5 39. Re5+ Kg4 40. Rxe4+ Kf3 41. Re8 Kxf2 42. Rf8+ Kg3 43. a4 g4 44. a5 Re7 45. Ke2 Kg2 46. Rf2+ Kh3 47. Rf6 g3 48. Kf3 Rh7 49. Rg6 g2 50. Rg3+ Kh4 51. Rxg2 Rf7+ 52. Ke4 Kh5 0-1

[Event "ITA Sociale-ch"]
[Site "Italy"]
[Date "1997.??.??"]
[Round "?"]
[White "Majer, Andrea"]
[Black "Viola, Matteo"]
[Result "1-0"]
[WhiteElo "1605"]
[BlackElo "1890"]
[PlyCount "95"]
[EventDate "1997.??.??"]
[EventType "swiss"]
[EventRounds "9"]
[EventCountry "ITA"]
[SourceTitle "EXT 2005"]
[Source "ChessBase"]
[SourceDate "2004.11.15"]
[SourceVersion "1"]
[SourceVersionDate "2004.11.15"]
[SourceQuality "1"]

1. Nf3 Nf6 2. g3 g6 3. Bg2 Bg7 4. 0-0 0-0 5. d3 d5 6. Nbd2 Bg4 7. Ne5 c6 8. Nxg4 Nxg4 9. e4 Nf6 10. f4 e6 11. e5 Nfd7 12. Nf3 c5 13. Qe2 Nc6 14. c3 Qc7 15. Be3 Rfc8 16. c4 Ne7 17. Nd2 d4 18. Bf2 Rab8 19. Ne4 Rd8 20. g4 b5 21. cxb5 Rxb5 22. Nd6 Rbb8 23. Rfc1 Qb6 24. Nc4 Qa6 25. Bh4 Bf8 26. Nd6 Rb4 27. Be1 Rbb8 28. Bh4 Rb4 29. Be1 Rb6 30. Bh4 Rdb8 31. Nc4 Rb5 32. Rc2 Nd5 33. Qe4 Qa4 34. b3 Rxb3 35. f5 Rb1+ 36. Rc1 Qc2 37. Bg5 Rxa1 38. Rxa1 Rb1+ 39. Rxb1 Qxb1+ 40. Bf1 Qxa2 41. fxe6 fxe6 42. Nd6 Bxd6 43. exd6 N5f6 44. Qa8+ Kf7 45. Qd8 Qd5 46. Qe7+ Kg8 47. Bh6 Nh5 48. Qe8+ 1-0

[Event "ITA Sociale-ch"]
[Site "Italy"]
[Date "1997.??.??"]
[Round "?"]
[White "Orza, Pierantonio"]
[Black "Majer, Andrea"]
[Result "0-1"]
[WhiteElo "1605"]
[BlackElo "1605"]
[PlyCount "36"]
[EventDate "1997.??.??"]
[EventType "swiss"]
[EventRounds "9"]
[EventCountry "ITA"]
[SourceTitle "EXT 2005"]
[Source "ChessBase"]
[SourceDate "2004.11.15"]
[SourceVersion "1"]
[SourceVersionDate "2004.11.15"]
[SourceQuality "1"]

1. Nf3 Nf6 2. d4 c5 3. c3 e6 4. Bg5 d5 5. e3 Nbd7 6. Ne5 Qb6 7. Nxd7 Bxd7 8. Qc2 Ne4 9. Bf4 g5 10. Bg3 c4 11. Nd2 f5 12. Nxe4 fxe4 13. Be5 Rg8 14. Be2 g4 15. h3 h5 16. hxg4 hxg4 17. Rh4 Qd8 18. 0-0-0 Qxh4 0-1